Agenda Laboral 2021

Detalles Bibliográficos
Formato: eBook
Lenguaje:español
Publicado: Ciudad de Mx̌ico: Ediciones Fiscales ISEF, 2021
Materias:
Acceso en línea:Acceso restringido

MARC

LEADER 00000nam a22000007a 4500
005 2021102601351.0
007 cr|||| ||||
008 211026s2021 mx |||||s|||| 00||0 spa d
020 |a 978-368-726-470-5 
035 |a 35253 
040 |a vLex 
090 |c 12609  |d 12609 
245 0 0 |a Agenda Laboral 2021  |h [Recurso electrn̤ico] / 
256 |a Servicio en ln̕ea 
260 |a Ciudad de Mx̌ico:  |b Ediciones Fiscales ISEF,  |c 2021 
300 |a 1 recurso electrn̤ico 
506 1 |a Disponible solo en los productos indicados  |d vLex Global  |d vLex Global (Academic Edition, excluding Law Schools)  |d vLex Global (U.S. Academic Edition, Law Schools)  |d vLex Global (U.S. Academic Edition, excluding Law Schools)  |d vLex Global (Academic Edition, Law Schools) 
650 0 4 |a Derecho Laboral y Seguridad Social  |z Mx̌ico 
740 0 |a vLex Libros (Servicio en ln̕ea) 
856 4 0 |u https://app.vlex.com/#/sources/35253  |z Acceso restringido 
942 |c BOOK 
999 0 |a Labor law and social security